| 000 | 00951cab a2200265 4500 | ||
|---|---|---|---|
| 001 | WB2818-16 | ||
| 008 | 090401t1992 xxu||||| |||| 00| 0 eng d | ||
| 035 | _a(Sirsi) u620 | ||
| 041 | _aeng | ||
| 245 | _aErdman set up research company | ||
| 260 | _c1992 | ||
| 350 | _a0 | ||
| 490 |
_aChartered Surveyor Weekly _v39(6) 7 May 1992, 11(1) |
||
| 520 | _aEdward Erdman has formed a joint company with Andrew Walker. Institutional Property Forecasting Services (IPFS) will provide an independent forecast of property values two years ahead, based on the Investment Property Databank`s (IPD) annual market index. | ||
| 650 | _aCAPITAL VALUES | ||
| 650 | _aEDWARD ERDMAN | ||
| 650 | _aFORECASTS | ||
| 650 | _aINSTITUTIONAL PROPERTY FORECASTING SERVICES | ||
| 650 | _aINVESTMENT MARKET | ||
| 650 | _aIPD MONTHLY INDEX | ||
| 650 | _aPROPERTY RESEARCH | ||
| 690 | _aPROPERTY-PROPERTY FINANCE AND INVESTMENT | ||
| 942 | _n0 | ||
| 948 | _c04/03/1997 | ||
| 999 |
_c306 _d306 |
||